| 000 -LEADER |
| fixed length control field |
01037nam a2200361 a 4500 |
| 001 - CONTROL NUMBER |
| control field |
017101605 |
| 003 - CONTROL NUMBER IDENTIFIER |
| control field |
UkOxU |
| 005 - DATE AND TIME OF LATEST TRANSACTION |
| control field |
20230426090047.0 |
| 008 - FIXED-LENGTH DATA ELEMENTS--GENERAL INFORMATION |
| fixed length control field |
070829s2006 enka j 000 1 eng c |
| 015 ## - NATIONAL BIBLIOGRAPHY NUMBER |
| National bibliography number |
GBA772323 |
| Source |
bnb |
| 020 ## - INTERNATIONAL STANDARD BOOK NUMBER |
| International Standard Book Number |
9780746073377 (pbk.) |
| 035 ## - SYSTEM CONTROL NUMBER |
| System control number |
(StEdNL)3989756 |
| 035 ## - SYSTEM CONTROL NUMBER |
| System control number |
(Uk)013887475 |
| 035 ## - SYSTEM CONTROL NUMBER |
| System control number |
(UkLCURL)99013887475 |
| 038 ## - RECORD CONTENT LICENSOR |
| Record content licensor |
Uk |
| 040 ## - CATALOGING SOURCE |
| Original cataloging agency |
StEdNL |
| Language of cataloging |
eng |
| Transcribing agency |
StEdNL |
| Modifying agency |
KH8 |
| 042 ## - AUTHENTICATION CODE |
| Authentication code |
ukscp |
| 049 ## - LOCAL HOLDINGS (OCLC) |
| Local processing data |
b |
| Missing elements |
+ |
| 082 ## - DEWEY DECIMAL CLASSIFICATION NUMBER |
| Classification number |
823.92 MAC |
| 090 ## - LOCALLY ASSIGNED LC-TYPE CALL NUMBER (OCLC); LOCAL CALL NUMBER (RLIN) |
| Classification number (OCLC) (R) ; Classification number, CALL (RLIN) (NR) |
BNB |
| 100 1# - MAIN ENTRY--PERSONAL NAME |
| Personal name |
Mackinnon, Mairi. |
| Relator term |
Author |
| 245 14 - TITLE STATEMENT |
| Title |
The goose that laid the golden eggs / |
| Statement of responsibility, etc. |
retold by Mairi Mackinnon ; illustrated by Daniel Howarth. |
| 260 ## - PUBLICATION, DISTRIBUTION, ETC. |
| Place of publication, distribution, etc. |
London : |
| Name of publisher, distributor, etc. |
Usborne, |
| Date of publication, distribution, etc. |
2006. |
| 300 ## - PHYSICAL DESCRIPTION |
| Extent |
48 p. : |
| Other physical details |
col. ill. ; |
| Dimensions |
21 cm. |
| 490 1# - SERIES STATEMENT |
| Series statement |
Usborne first reading. Level 3 |
| 500 ## - GENERAL NOTE |
| General note |
"Based on the fable by Aesop"-cover. |
| 650 ## - SUBJECT ADDED ENTRY--TOPICAL TERM |
| Topical term or geographic name entry element |
Aesop |
| 650 ## - SUBJECT ADDED ENTRY--TOPICAL TERM |
| Topical term or geographic name entry element |
children's story |
| 700 0# - ADDED ENTRY--PERSONAL NAME |
| Personal name |
Aesop. |
| 700 1# - ADDED ENTRY--PERSONAL NAME |
| Personal name |
Howarth, Daniel. |
| Relator term |
Illustrator |
| 830 #0 - SERIES ADDED ENTRY--UNIFORM TITLE |
| Uniform title |
Usborne first reading. |
| Number of part/section of a work |
Level three. |
| 942 ## - ADDED ENTRY ELEMENTS (KOHA) |
| Source of classification or shelving scheme |
|
| Koha item type |
Books - Fiction |